| 000 | 00753nam a2200229 a 4500 | ||
|---|---|---|---|
| 005 | 20220915063805.0 | ||
| 008 | 031014s1998 mx r 000 0 spa d | ||
| 020 | _a9701815866 | ||
| 035 | _aUPN01000130172 | ||
| 049 | _aI | ||
| 050 | 4 |
_aPN3157 _bH3.4 |
|
| 100 | 1 | _aHalpert Kraus, Joanna | |
| 245 | 1 | 3 |
_aEl lobo del hielo : _bun cuento esquimal / _cJoanna Halpert Kraus ; tr. Silvia Molina. |
| 260 |
_aMéxico : _bECO : _bCNCA, Dirección General de Publicaciones Corunda, _c1998. |
||
| 300 | _a42 p. | ||
| 440 | 3 | _aEl mejor teatro para niños | |
| 500 | _a"Obra para jóvenes, en tres actos" | ||
| 534 |
_pTraducción de: _tThe Ice Wolf |
||
| 650 | 7 |
_aTeatro escolar infantil _2 _96353 |
|
| 650 | 4 |
_aCuentos infantiles _96744 |
|
| 905 | _aInfantil | ||
| 999 |
_c102329 _d102329 |
||